Theory and Practice of Group Counseling /

Libro de texto que presenta un panorama de los conceptos clave y propuestas de once corrientes para el trabajo de consejería y psicoterapia grupal, además de integrar una exposición de los elementos básicos de los procesos grupales y una sección dedicada específicamente a los aspectos éticos de esta...

Descripció completa

Guardat en:
Dades bibliogràfiques
Autor principal: Corey, Gerald (autor)
Format: Llibre
Idioma:anglès
Publicat: Boston, EUA : Cengage Learning, 2016, c2016
Edició:9a edición
Matèries:
Etiquetes: Afegir etiqueta
Sense etiquetes, Sigues el primer a etiquetar aquest registre!

MARC

LEADER 00000nam^a2200000^a^4500
001 000357285
005 20250521000000.0
009 20260310115256.065
020 |a 1-305-08801-8 
020 |a 978-1-305-08801-6 
037 |a Acervo ITESO - Biblioteca 
041 |a ING 
082 |a 616. 89152  |b COR 
100 |a Corey, Gerald  |e (autor) 
240 1 1 |a [Teoría y práctica de la terapia grupal] 
240 1 1 |a [Theory and Practice of Group Counselling] 
245 1 0 |a Theory and Practice of Group Counseling /  |c G. Corey. 
250 |a 9a edición 
264 4 |a Boston, EUA :  |b Cengage Learning,  |c 2016, c2016 
300 |a XXVI, 515 p. 
336 |a texto  |b txt  |2 rdacontenido 
337 |a sin mediación  |b n  |2 rdamedio 
338 |a volumen  |b nc  |2 rdasoporte 
520 |a Libro de texto que presenta un panorama de los conceptos clave y propuestas de once corrientes para el trabajo de consejería y psicoterapia grupal, además de integrar una exposición de los elementos básicos de los procesos grupales y una sección dedicada específicamente a los aspectos éticos de esta práctica profesional. Los enfoques incluidos son el psicoanalítico, la terapia adleriana, el psicodrama, el existencial, el enfoque centrado en la persona, la terapia Gestalt, el análisis transaccional, la terapia conductual, la terapia racional emotiva, la terapia realista y la terapia breve centrada en soluciones. 
521 |a 2015 BO Maestría en Desarrollo Humano 
649 |a XX 
650 |a Psicoterapia Grupal -  |x Tema Principal 
650 |a Psicopatología 
650 |a Psicología Clínica 
910 |a Fondo General 
920 |a Impresos - Libros 
930 |a Colección General 
905 |a 101 
901 |a 0500248906  |b IT1  |c ACC  |i C147321  |u 20250521 
902 |a https://opac.biblio.iteso.mx/vufind/Record/000357285